Dallas Cowboys Starters 2020 - Statistics

General Stats
  • This quiz has been taken 53 times
  • The average score is 17 of 25
Answer Stats
Position Player % Correct
WR Amari Cooper
100%
QB Dak Prescott
100%
RB Ezekiel Elliot
100%
WR Michael Gallup
95%
LB Jaylon Smith
91%
LB Leighton Vander Esch
91%
RG Zack Martin
91%
LT Tyron Smith
88%
DE Demarcus Lawrence
86%
TE Blake Jarwin
74%
LG Conner Williams
74%
RT La'el Collins
74%
LB Sean Lee
67%
CB Anthony Brown
60%
DT Antwan Woods
60%
CB Chidobe Awuzie
60%
S Xavier Woods
60%
C Travis Frederick
56%
DE Randy Gregory
51%
KR Tony Pollard
42%
CB Jordan Lewis
40%
FB Olawale
35%
DT Geral McCoy
30%
K Kai Forbath
23%
S Ha Ha Clinton-Dix
19%
No matching quizzes found
Score Distribution
Percent of People with Each Score
Percentile by Number Answered
Your Score History
You have not taken this quiz